El delito de estafa
Đã lưu trong:
| Tác giả chính: | |
|---|---|
| Định dạng: | Sách |
| Ngôn ngữ: | Tiếng Tây Ban Nha |
| Được phát hành: |
Santiago
Jurídica ConoSur
1992
|
| Những chủ đề: | |
| Các nhãn: |
Thêm thẻ
Không có thẻ, Là người đầu tiên thẻ bản ghi này!
|
MARC
| LEADER | 00000nam a2200000 a 4500 | ||
|---|---|---|---|
| 001 | UCV3025 | ||
| 003 | CL-VaPUC | ||
| 008 | 930309e19920000CL |||||||||||||||||spa|d | ||
| 082 | 0 | 4 | |a 364.163 |b CON |2 21 |
| 100 | 0 | |a Contreras Torres, Raúl |e author |9 297305 | |
| 245 | 1 | 3 | |a El delito de estafa |
| 300 | |a 270 p | ||
| 942 | |c BK | ||
| 945 | |d 19930309 00:00:00 | ||
| 260 | |a Santiago |b Jurídica ConoSur |c 1992 | ||
| 650 | 0 | |a Delitos |9 224143 | |
| 650 | 0 | |a Estafa |9 258622 | |
| 650 | 7 | |a FRAUDE |2 CL-VaPUC |9 258623 | |
| 583 | |a last modification |c 19930309 00:00:00 |k Rodrigo Vera | ||
| 999 | |c 210419 |d 210417 | ||
| 952 | |0 0 |1 0 |4 0 |6 364_163000000000000_CON_1992 |7 0 |8 A |9 186615 |a BIBDER |b BIBDER |d 2019-11-14 |i 254170K |o 364.163 CON 1992 |p 254170K |r 2023-01-25 |w 2019-11-14 |y BK |k DER | ||
| 952 | |0 0 |1 0 |4 0 |6 364_163000000000000_CON_1992 |7 0 |8 A |9 186616 |a BIBDER |b BIBDER |d 2019-11-14 |i 3252949 |o 364.163 CON 1992 |p 3252949 |r 2023-01-25 |w 2019-11-14 |y BK |k DER | ||